Engineering Economy

Αποθηκεύτηκε σε:
Λεπτομέρειες βιβλιογραφικής εγγραφής
Κύριος συγγραφέας: Sullivan, William G. 1942-
Άλλοι συγγραφείς: Bontadelli, James A., Wicks, Ellin M., DeGarmo, E. Paul (Ernest Paul) 1907-
Μορφή: Βιβλίο
Γλώσσα:English
Δημοσίευση: Upper Saddle River : Prentice Hall, 2000
Έκδοση:11th ed.
Θέματα:
Ετικέτες: Προσθήκη ετικέτας
Δεν υπάρχουν, Καταχωρήστε ετικέτα πρώτοι!

MARC

LEADER 00000nam a2200000 i 4500
001 1/14296
008 001204s2000 eng d
020 |a 0130115703  |c $99.00 
035 |l 10064948 
040 |a GR-MY-UA  |b gre  |e aacr 
041 1 |a eng 
082 0 |a 658.155 
100 1 |a Sullivan, William G.  |d 1942- 
245 1 0 |a Engineering Economy /  |c William G. Sullivan... [et al] 
250 |a 11th ed. 
260 |a Upper Saddle River :   |b Prentice Hall,   |c 2000 
300 |a xxi,662p. 
504 |a Includes index 
650 0 0 |a Engineering economy. 
700 1 |a Bontadelli, James A. 
700 1 |a Wicks, Ellin M. 
700 1 |a DeGarmo, E. Paul  |q (Ernest Paul)  |d 1907- 
852 |a INST  |b CHIOS  |e 20001204  |h 658.155 ENG  |p 005200017066  |q 005200017066  |t BK  |y 0 
901 |a BIBL2-2001-1 
909 |a Χ  |b 082421 
922 |a 2ΕΛΗ  |b 200010  |c ΤΜΟΔ  |d ΜΙΧΑΛΟΠΟΥΛΟΣ 
950 |a 186-2000-09-14 
970 |a ΠΟΥΛΑΚΗ  |b ΣΤΕΛΛΑ  |z 2001/01/10